| 000 | 00427nam a2200157 4500 | ||
|---|---|---|---|
| 001 | 131722 | ||
| 003 | ES-MaACL | ||
| 005 | 20230906194032.0 | ||
| 007 | t| | ||
| 008 | 070214s1970 sp r ||||1| gao d | ||
| 100 | 1 |
_aRodríguez López, Manuel. _998611 |
|
| 245 | 1 | 0 |
_aSaudade no bulleiro / _cManuel Rodríguez López. |
| 260 |
_aLugo : _bCelta, _c1970. |
||
| 300 |
_a76 p. ; _c19 cm. |
||
| 852 |
_aES-MaACL _jC-49637 _bR.74788 |
||
| 999 |
_c131722 _d131722 |
||